Мастер гипноза: Психотерапевтические манипуляции Милтона Эриксона; пер. с англ.

書誌詳細
第一著者: Зейг Дж. Джеффри
言語:ロシア語
出版事項: Минск, Издатель В. П. Ильин, 1998
シリーズ:Психологический бестселлер
主題:
フォーマット: 図書
KOHA link:https://koha.lib.tpu.ru/cgi-bin/koha/opac-detail.pl?biblionumber=10387

MARC

LEADER 00000nam0a2200000 4500
001 10387
005 20231030182907.0
010 |a 9856365104 
035 |a (RuTPU)RU\TPU\book\10448 
035 |a BOOK00010513 
090 |a 10387 
100 |a 20011209d1998 km y0rusy50 ca 
101 1 |a rus  |c eng 
102 |a BY 
105 |a y z 000zb 
200 1 |a Мастер гипноза  |e Психотерапевтические манипуляции Милтона Эриксона  |e пер. с англ.  |f Дж. Зейг 
210 |a Минск  |c Издатель В. П. Ильин  |d 1998 
215 |a 190 с. 
225 1 |a Психологический бестселлер 
600 1 |a Эриксон  |g Милтон Хиланд  |c американский психолог  |c психотерапевт  |f 1901-1980  |b М. Х.  |2 stltpui  |3 (RuTPU)RU\TPU\pers\814 
610 1 |a психология 
610 1 |a психотерапия 
610 1 |a гипноз 
675 |a 615.8  |v 3 
686 |a Ю962  |v LBC/SL-A  |2 rubbk 
700 1 |a Зейг  |b Дж.  |g Джеффри 
801 0 |a RU  |b 63413507  |c 20011209  |g PSBO 
801 2 |a RU  |b 63413507  |c 20220328  |g PSBO 
942 |c BK